Т. 1 : Начала политической экономии и налогового обложения; Сочинения

Λεπτομέρειες βιβλιογραφικής εγγραφής
Parent link:Сочинения: пер. с англ./ Д. Рикардо. Т. 1 : Начала политической экономии и налогового обложения.— , 1941-
Γλώσσα:Ρωσικά
Έκδοση: 1941
Θέματα:
Μορφή: Βιβλίο
KOHA link:https://koha.lib.tpu.ru/cgi-bin/koha/opac-detail.pl?biblionumber=18180

MARC

LEADER 00000nam2a2200000 4500
001 18180
005 20231101205204.0
035 |a (RuTPU)RU\TPU\book\18329 
035 |a BOOK00003017 
090 |a 18180 
100 |a 20011209d1941 k y0rusy50 ca 
101 1 |a rus  |c eng 
102 |a RU 
105 |a c z 000zy 
200 0 |a Т. 1 : Начала политической экономии и налогового обложения 
210 |d 1941 
215 |a 288 с.  |c ил. 
461 1 |0 (RuTPU)RU\TPU\book\65418  |t Сочинения  |o пер. с англ.  |f Д. Рикардо  |v Т. 1 : Начала политической экономии и налогового обложения  |d 1941- 
606 1 |a Экономические учения буржуазные  |x История  |2 stltpush  |3 (RuTPU)RU\TPU\subj\37436  |9 58420 
610 1 |a экономика 
610 1 |a экономическая мысль 
610 1 |a история 
610 1 |a английская экономическая мысль 
610 1 |a 18 век 
610 1 |a 19 век 
610 1 |a налоги 
610 1 |a налогообложение 
610 1 |a рента 
610 1 |a прибыль 
686 |a У02(0)  |v LBC/SL-A  |2 rubbk 
801 0 |a RU  |b 63413507  |c 20011209  |g PSBO 
801 2 |a RU  |b 63413507  |c 20201023  |g PSBO 
942 |c BK